Is the Regional Divergence a Price for the International Convergence? The Case of the Visegrad Group

Snaha krajín Vyšehradskej štvorky dostihnúť medzinárodnú úroveň prináša riziko vzniku veľkých sociálnych rozdielov na národnej úrovni. Za týmto účelom testovanie sociálnej beta-, sigma-, a gamma rozdielnosti. Pre porovnanie výkonnosti krajín V4 použité meranie priestorovej taxonómie rozvoja s prihli...

Descripción completa

Guardado en:
Detalles Bibliográficos
Autor principal: Kuc, Marta
Formato: Capítulo de libro
Lenguaje:inglés
Materias:
Etiquetas: Agregar Etiqueta
Sin Etiquetas, Sea el primero en etiquetar este registro!

MARC

LEADER 00000nla a2200000 4500
001 0241821
005 20240417075135.0
041 0 |a eng 
044 |a CZ 
245 1 0 |a Is the Regional Divergence a Price for the International Convergence? The Case of the Visegrad Group  |c Marta Kuc 
520 |a Snaha krajín Vyšehradskej štvorky dostihnúť medzinárodnú úroveň prináša riziko vzniku veľkých sociálnych rozdielov na národnej úrovni. Za týmto účelom testovanie sociálnej beta-, sigma-, a gamma rozdielnosti. Pre porovnanie výkonnosti krajín V4 použité meranie priestorovej taxonómie rozvoja s prihliadnutím na ich vnútornú kohéziu za obdobie r. 2004-2014. 
610 2 0 |a Vyšehradská štvorka 
610 2 0 |a rozdiely regionálne 
610 2 0 |a štruktúra sociálna 
610 2 0 |a porovnanie medzinárodné 
610 2 0 |a analýza sociálna 
610 2 0 |a kohézia sociálna 
610 2 0 |a meranie výkonnosti 
100 1 |a Kuc, Marta